| 000 | 00440cam a22001337a 4500 | ||
|---|---|---|---|
| 008 | 180718b1982 xxu||||| |||| 00| 0 eng d | ||
| 082 | _aDx54 T329 | ||
| 100 | _aTharoor, Shashi | ||
| 245 |
_aReasons of state: political development and India's foreign policy under Indira Gandhi 1966-1977 _cby Shashi Tharoor |
||
| 260 |
_aDelhi _bVikas _c1982 |
||
| 300 | _a438p. | ||
| 650 | _aIndia --Foreign relations | ||
| 650 | _aGandhi, Indira, 1917-1984 | ||
| 999 |
_c355472 _d355472 |
||